000 00691nam a2200277Ia 4500
005 20260324134627.0
008 008 260324s9999 xx 000 0 eng d
020 _a9780429175565
037 _aEBOOK
040 _aCRL
040 _beng
040 _cCRL
041 _2eng
041 _aeng
084 _qCRL
100 _aChristopher Fry; Stephen Langley; Stephen Langley E. N.
_91197540
245 0 _aIon-Selective Electrodes for Biological Systems
260 _bTaylor and Francis
260 _c2001
365 _a
365 _b370
856 _uhttp://www.taylorfrancis.com/books/9780429175565
942 _cEBOOK
999 _c1797818
_d1797818